|
|
|
|
| LEADER |
00000cam a2200000 a 4500 |
| 001 |
vtls001066454 |
| 003 |
SK-MaSNL |
| 005 |
20260301152942.0 |
| 008 |
240315s1991 xo hn 00000 slo |
| 015 |
|
|
|a SNBA1991/12
|
| 020 |
|
|
|a 8021502045
|
| 035 |
|
|
|a SNK000009284
|
| 040 |
|
|
|a SNK
|b slo
|c SNK
|e AACR2
|
| 041 |
0 |
|
|a slo
|
| 044 |
|
|
|a xo
|c SK
|
| 080 |
|
|
|a 943.7:929
|2 1981
|
| 080 |
|
|
|a 929
|2 1981
|
| 080 |
|
|
|a 929 Hlinka, Andrej
|2 1981
|
| 100 |
1 |
|
|a Bartlová, Alena,
|d 1939-
|4 aut
|9 104598
|
| 245 |
1 |
0 |
|a Andrej Hlinka
|c Alena Bartlová
|
| 250 |
|
|
|a 1. vyd.
|
| 260 |
|
|
|a Bratislava
|b Obzor
|c 1991
|e Bratislava
|f Svornosť
|
| 300 |
|
|
|a 119 s.
|c 21 cm
|
| 504 |
|
|
|a Obsahuje bibliografiu
|
| 600 |
1 |
7 |
|a Hlinka, Andrej,
|d 1864-1938
|2 SNKMA
|9 103031
|
| 655 |
|
7 |
|a biografie
|2 SNKPH
|9 27965
|
| 700 |
1 |
|
|a Kohútová, Hana
|4 bkd
|9 44870
|
| 852 |
|
|
|a Slovenská národná knižnica
|
| 919 |
|
|
|a 80-215-0204-5
|
| 958 |
|
|
|a NB
|
| 958 |
|
|
|a BX
|
| 958 |
|
|
|a TL
|
| 999 |
|
|
|c 790809
|d 792739
|
| 952 |
|
|
|t P60, <04>, [BOOK], {604}
|a SNK
|b SNK
|y VYP
|7 0
|p 17A0159787
|o snkSD 63690 D1
|0 0
|1 0
|4 0
|d 1998-09-07
|l 0
|r 2004-12-31 00:00:00
|w 2026-02-24
|